<?xml version="1.0" encoding="UTF-8"?>
<record
    xmlns:xsi="http://www.w3.org/2001/XMLSchema-instance"
    xsi:schemaLocation="http://www.loc.gov/MARC21/slim http://www.loc.gov/standards/marcxml/schema/MARC21slim.xsd"
    xmlns="http://www.loc.gov/MARC21/slim">

  <leader>00742nam a22001937a 4500</leader>
  <controlfield tag="005">20230920170808.0</controlfield>
  <datafield tag="010" ind1=" " ind2=" ">
    <subfield code="a">ENG-137429</subfield>
  </datafield>
  <datafield tag="020" ind1=" " ind2=" ">
    <subfield code="a">9789380831053</subfield>
    <subfield code="c">199.00</subfield>
  </datafield>
  <datafield tag="035" ind1=" " ind2=" ">
    <subfield code="a">EN-120961</subfield>
  </datafield>
  <datafield tag="037" ind1=" " ind2=" ">
    <subfield code="b">DBAD/PUB</subfield>
  </datafield>
  <datafield tag="082" ind1=" " ind2=" ">
    <subfield code="a">658.3125</subfield>
  </datafield>
  <datafield tag="100" ind1=" " ind2=" ">
    <subfield code="a">Rao, T.P. Surya Chandra</subfield>
    <subfield code="9">57191</subfield>
  </datafield>
  <datafield tag="245" ind1=" " ind2=" ">
    <subfield code="a">Performance Management/</subfield>
    <subfield code="c">By T.P. Surya Chandra Rao and edited by Adusumili santoshi roopa</subfield>
  </datafield>
  <datafield tag="260" ind1=" " ind2=" ">
    <subfield code="a">Hyderabad</subfield>
    <subfield code="b">Studentshelpline Publishing House Pvt.Ltd</subfield>
    <subfield code="c">2011</subfield>
  </datafield>
  <datafield tag="270" ind1=" " ind2=" ">
    <subfield code="a">326/C, Surneni Nilayam, Near B K Guda Park, S.R. nagar </subfield>
    <subfield code="b">Hyderabad</subfield>
    <subfield code="e">500038</subfield>
    <subfield code="k">9440575657, 32494570</subfield>
    <subfield code="m">Studentshelpline.in@gmail.com</subfield>
  </datafield>
  <datafield tag="300" ind1=" " ind2=" ">
    <subfield code="a">294pg.</subfield>
    <subfield code="c">24cm(pb)</subfield>
  </datafield>
  <datafield tag="700" ind1=" " ind2=" ">
    <subfield code="a">Roopa, Adusumili santoshi </subfield>
    <subfield code="9">57192</subfield>
  </datafield>
  <datafield tag="942" ind1=" " ind2=" ">
    <subfield code="2">ddc</subfield>
    <subfield code="c">HN</subfield>
    <subfield code="h">658.3125</subfield>
    <subfield code="m">RAO</subfield>
  </datafield>
  <datafield tag="999" ind1=" " ind2=" ">
    <subfield code="c">196842</subfield>
    <subfield code="d">196842</subfield>
  </datafield>
  <datafield tag="952" ind1=" " ind2=" ">
    <subfield code="0">0</subfield>
    <subfield code="1">0</subfield>
    <subfield code="4">0</subfield>
    <subfield code="7">0</subfield>
    <subfield code="8">NFIC</subfield>
    <subfield code="a">DBAD</subfield>
    <subfield code="b">M</subfield>
    <subfield code="d">2023-08-01</subfield>
    <subfield code="e">DBAB/PUB</subfield>
    <subfield code="g">199.00</subfield>
    <subfield code="l">0</subfield>
    <subfield code="o">658.3125 RAO</subfield>
    <subfield code="p">EN-120961</subfield>
    <subfield code="r">2023-08-01 00:00:00</subfield>
    <subfield code="t">1</subfield>
    <subfield code="v">199.00</subfield>
    <subfield code="y">EN</subfield>
  </datafield>
</record>
